Načítá se...
Grass root democracy and empowerment of people:evaluation of Panchayati Raj in India
| Hlavní autor: | |
|---|---|
| Médium: | Printed Book |
| Vydáno: |
MPRA Paper No. 3839,
2007
|
| On-line přístup: | http://10.26.1.76/ks/001949.pdf |
| LEADER | 004030000a22001210004500 | ||
|---|---|---|---|
| 100 | |a Sudha Venu Menon | ||
| 245 | |a Grass root democracy and empowerment of people:evaluation of Panchayati Raj in India | ||
| 260 | |c 2007 | ||
| 260 | |b MPRA Paper No. 3839, | ||
| 856 | |u http://10.26.1.76/ks/001949.pdf | ||
| 942 | |c KS | ||
| 999 | |c 71337 |d 71337 | ||
| 952 | |0 0 |1 0 |4 0 |7 0 |9 63301 |a MGUL |b MGUL |d 2015-08-01 |l 0 |r 2015-08-01 |w 2015-08-01 |y KS | ||